[Event "World Juniors and Girls Championship 200"]
[Site "Istanbul Turkey"]
[Date "2005.11.20"]
[Round "11"]
[White "Shlykov, Vitali"]
[Black "Can, Emre"]
[Result "0-1"]
[WhiteElo "2238"]
[BlackElo "2287"]
[PlyCount "114"]
[EventDate "2005.11.08"]

1. d4 Nf6 2. g3 d5 3. Bg2 c6 4. Nf3 Bf5 5. O-O e6 6. c4 Bd6 7. Qb3 Qb6 8. Qa4
Qa6 9. Qxa6 Nxa6 10. c5 Bc7 11. Nc3 Nd7 12. Bf4 f6 13. Bxc7 Nxc7 14. Nh4 Bg4
15. e4 O-O 16. Rfe1 g5 17. Nf3 Rfe8 18. h3 Bh5 19. g4 Bg6 20. e5 fxe5 21. Nxe5
Nxe5 22. Rxe5 h6 23. Rc1 Rf8 24. f3 Kf7 25. Kf2 Na6 26. a3 Nb8 27. Rce1 Re8 28.
R5e3 Nd7 29. b4 e5 30. dxe5 d4 31. R3e2 Nxe5 32. Rxe5 Rxe5 33. Rxe5 dxc3 34.
Re1 Rd8 35. Bf1 Rd2+ 36. Ke3 Kf6 37. Rc1 Rc2 38. Rxc2 Bxc2 39. Kd4 Bd1 40. Kxc3
Ke5 41. Kd2 Bxf3 42. Ke3 Be4 43. Be2 Kd5 44. Bf1 Bc2 45. Be2 Ba4 46. Bd3 Bb5
47. Bc2 Bf1 48. Kf2 Bxh3 49. Bd1 Ke5 50. b5 cxb5 51. Bf3 a5 52. Kg3 Bf1 53.
Bxb7 Bc4 54. Kf2 Bd5 55. Ba6 Bc6 56. a4 bxa4 57. Bc4 Bd5 0-1

[Event "World Juniors and Girls Championship 20"]
[Site "Istanbul Turkey"]
[Date "2005.11.19"]
[Round "10"]
[White "Bashkite, Viktoria"]
[Black "Mongontuul, Bathuyag"]
[Result "1-0"]
[WhiteElo "2173"]
[BlackElo "2408"]
[PlyCount "115"]
[EventDate "2005.11.08"]

1. c4 Nf6 2. Nc3 g6 3. Nf3 Bg7 4. g3 O-O 5. Bg2 d5 6. cxd5 Nxd5 7. O-O e5 8.
Qb3 c6 9. d3 Na6 10. Bg5 Qd6 11. Nd2 Be6 12. Nde4 Qd7 13. Nxd5 Bxd5 14. Qa3 f5
15. Nc3 Bxg2 16. Kxg2 f4 17. f3 Nc7 18. Be7 Rf7 19. Bc5 Nd5 20. Nxd5 cxd5 21.
Rac1 e4 22. dxe4 dxe4 23. Rfd1 Qb5 24. Rd2 Rc8 25. b4 b6 26. Bd6 Rd8 27. Rcc2
fxg3 28. hxg3 exf3+ 29. exf3 Bh6 30. f4 g5 31. Be5 Re8 32. Qb3 gxf4 33. Rd5 f3+
34. Kf2 Rxe5 35. Rxb5 Rxb5 36. Rc7 Rbf5 37. Rxa7 Bg5 38. Rxf7 Rxf7 39. Qe6 Bd8
40. a4 Kg7 41. Qg4+ Kf8 42. Qc8 Ke7 43. Qb8 Kd7 44. Qe5 Bc7 45. Qe4 Bd8 46. b5
Bc7 47. Qb7 Kd8 48. Qc6 Rf5 49. Qe6 Rf8 50. g4 Rf4 51. Qg8+ Kd7 52. Qxh7+ Kc8
53. Qg8+ Kb7 54. Qd5+ Kb8 55. g5 Rxa4 56. g6 Rg4 57. Qg8+ Ka7 58. Qf7 1-0

[Event "World Juniors and Girls Championship 200"]
[Site "Istanbul Turkey"]
[Date "2005.11.20"]
[Round "11"]
[White "Pourkashiyan, Atousa"]
[Black "Bashkite, Viktoria"]
[Result "1/2-1/2"]
[WhiteElo "2271"]
[BlackElo "2173"]
[PlyCount "93"]
[EventDate "2005.11.08"]

1. e4 e6 2. d4 d5 3. exd5 exd5 4. Nf3 Bg4 5. h3 Bh5 6. Qe2+ Qe7 7. Be3 Nc6 8.
Nc3 O-O-O 9. g4 Bg6 10. O-O-O f6 11. a3 Qf7 12. Nd2 f5 13. Nb3 Nf6 14. f3 Bd6
15. Nb5 Rhe8 16. Nxd6+ Rxd6 17. Qd2 fxg4 18. hxg4 Nd7 19. Rh3 h6 20. Qc3 Rf6
21. Nd2 Nd8 22. Nb3 Rxf3 23. Rxf3 Qxf3 24. Bd2 Qxc3 25. Bxc3 Be4 26. Bh3 g5 27.
Nd2 Bg6 28. Bg2 Nf6 29. Rf1 Re6 30. Nf3 Be4 31. Bh3 Bxf3 32. Rxf3 Ne4 33. Bb4
Rf6 34. Rxf6 Nxf6 35. Be7 Ne4 36. Bg2 Nc6 37. Bf8 Nxd4 38. c4 Ne2+ 39. Kd1 Nf4
40. Bxe4 dxe4 41. Bxh6 Nd3 42. Kc2 Nf2 43. Bxg5 Nxg4 44. Kc3 Kd7 45. Kd4 e3 46.
Bxe3 Nxe3 47. Kxe3 1/2-1/2